000 00454 a2200181 4500
003 Nust
005 20230529122609.0
010 _a 42022856
040 _cNust
082 _a808.83,GLA
100 _aGlaspell, Susan,
_9112753
245 _aNorma Ashe
_cSusan Glaspell
260 _aPhiladelphia, New York
_bJ.B. Lippincott Company
_c1942
300 _a227 p.
_b21 cm
600 _aGlaspell, Susan,
_9112753
650 _aNovel
_92525
942 _2ddc
_cBK
999 _c186886
_d186886